00522pab a2200169 454500008004000000245009200040260000900132300001300141362000800154650002200162650003200184773001200216908000600228909001000234999001700244952009100261180718b2008 xxu||||| |||| 00| 0 eng d aTHE NEGLECTED teacher: a symposium on the need to reform teacher training and education c2008 ap.12-63. aDec aTeacher education aInservice teacher education aSeminar aN a80954 c80954d80954 00104070aIIPAbIIPAd2018-07-19hIssue no: 592pAR81414r2018-07-19w2018-07-19yAR